Fuenteovejuna /

Guardado en:
Autor Principal: Vega Carpio, Félix Lope de
Formato: Libro
Publicado: Buenos Aires : Cántaro, 1996
Series:Colección Del Mirador
Materias:
Etiquetas: Agregar Etiqueta
Sin Etiquetas, Sea el primero en etiquetar este registro!
LEADER 00611nam a22002175a 4500
001 CEM.cems010491
005 20080513132439.0
008 130507s1996##################000#0#####d
003 CEMS
020 |a 9507530215 
082 0 4 |a 862.3 
100 1 |a Vega Carpio, Félix Lope de 
245 1 0 |a Fuenteovejuna /  |c Félix Lope de Vega Carpio 
260 |a Buenos Aires :  |b Cántaro,  |c 1996 
300 |a 144 p. 
490 0 |a Colección Del Mirador 
653 |a Literatura 
653 |a Literatura española 
653 |a Teatro 
653 |a Teatro español 
859 |a CEMS  |b BIB. CEMS - 11 de abril  |h 862.3  |i V522-9  |p 20945.00  |t Ej.1